[Event "60th ch-RUS Higher League"]
[Site "Krasnoyarsk RUS"]
[Date "2007.09.10"]
[Round "7"]
[White "Rublevsky, S."]
[Black "Lysyj, I."]
[Result "1-0"]
[WhiteElo "2679"]
[BlackElo "2578"]
[PlyCount "133"]
[EventDate "2007.09.03"]
[Source "www.chesslib.no"]
[SourceDate "2004.05.04"]

1. e4 e6 2. d4 d5 3. Nd2 c5 4. Ngf3 Nc6 5. exd5 exd5 6. Bb5 Bd6 7. dxc5 Bxc5 8. O-O Nge7 9. Nb3 Bd6 10. Re1 O-O 11. Bd3 h6 12. h3 Nf5 13. c3 Qf6 14. Bc2 Rd8 15. Qd3 g6 16. Bd2 a5 17. a4 b6 18. Qe2 Ba6 19. Qd1 Kh7 20. Bxf5 Qxf5 21. Nbd4 Nxd4 22. Nxd4 Qf6 23. Be3 Bc7 24. Qd2 g5 25. Nf3 Qf5 26. h4 gxh4 27. Nxh4 Qh5 28. g3 Bc8 29. Bf4 Bxf4 30. Qxf4 Be6 31. Rad1 Rg8 32. Ng2 Rae8 33. Rd4 Bh3 34. Red1 Bxg2 35. Kxg2 Rg5 36. Qf3 Qxf3+ 37. Kxf3 Rf5+ 38. Rf4 Rxf4+ 39. gxf4 Re4 40. b3 Re6 41. Rxd5 Rc6 42. c4 Kg6 43. Kg4 Kf6 44. f5 Kg7 45. Kh5 Kh7 46. Rd3 Kg7 47. Rg3+ Kf6 48. Kxh6 Rd6 49. Kh5 Rd4 50. Rf3 Re4 51. Rc3 Rf4 52. f3 Rd4 53. c5 bxc5 54. Rxc5 Rd3 55. Rxa5 Rxb3 56. Kg4 Ra3 57. Kf4 Ra1 58. Ra6+ Kg7 59. a5 Ra2 60. Ke5 Ra3 61. f4 Re3+ 62. Kd5 Ra3 63. Kc5 Ra1 64. Kb5 Rb1+ 65. Kc6 Rc1+ 66. Kd6 Rd1+ 67. Ke7 1-0

[Event "Yerevan 71/286"]
[Site "?"]
[Date "1997.??.??"]
[Round "?"]
[White "Dvoirys, Semen I"]
[Black "Vaganian, Rafael A"]
[Result "1-0"]
[WhiteElo "2615"]
[BlackElo "2640"]
[PlyCount "67"]
[EventDate "1997.??.??"]
[Source "ChessBase"]
[SourceDate "1997.10.01"]

1. e4 e6 2. d4 d5 3. Nd2 c5 4. exd5 exd5 5. Ngf3 Nc6 6. Bb5 Bd6 7. dxc5 Bxc5 8. O-O Nge7 9. c4 O-O 10. Nb3 Bb6 11. c5 Bc7 12. Bg5 Bg4 13. Re1 f6 14. Bh4 Nf5 15. Bg3 Nxg3 16. hxg3 f5 17. Bxc6 bxc6 18. Nbd4 Qd7 19. Qd3 Rae8 20. Rxe8 Rxe8 21. Qa6 f4 22. gxf4 Bxf3 23. Nxf3 Bxf4 24. Re1 Re4 25. g3 Kf8 26. Kg2 h6 27. Qd3 Rxe1 28. Nxe1 Be5 29. b4 Qg4 30. Nf3 Bf6 31. Qa6 Qd7 32. b5 g5 33. bxc6 Qe6 34. Qb7 1-0

[Event "Camp. russo a squadre 2007"]
[Site "Sochi RUS"]
[Date "2007.05.02"]
[Round "1"]
[White "Timofeev, Arty"]
[Black "Lysyj, I."]
[Result "1-0"]
[WhiteElo "2658"]
[BlackElo "2590"]
[PlyCount "55"]
[EventDate "2007.05.02"]
[Source "www.chesslib.no"]
[SourceDate "2004.05.04"]

1. e4 e6 2. d4 d5 3. Nd2 c5 4. Ngf3 Nc6 5. exd5 exd5 6. Bb5 Bd6 7. dxc5 Bxc5 8. O-O Nge7 9. Nb3 Bd6 10. Re1 O-O 11. Bd3 h6 12. h3 Nf5 13. c3 Qf6 14. Bc2 Rd8 15. Qd3 g6 16. Nh2 Bxh2+ 17. Kxh2 d4 18. Bf4 b6 19. Nd2 Nd6 20. Qg3 dxc3 21. bxc3 g5 22. Be3 Bf5 23. Ba4 b5 24. Bb3 Bg6 25. f4 Nf5 26. fxg5 Qe7 27. Qf2 hxg5 28. Bf4 1-0

[Event "Ljubljana"]
[Site "?"]
[Date "1995.??.??"]
[Round "?"]
[White "Adams, Mi"]
[Black "Lputian, Smbat G"]
[Result "0-1"]
[WhiteElo "2660"]
[BlackElo "2585"]
[PlyCount "104"]
[EventDate "1995.??.??"]
[Source "ChessBase"]
[SourceDate "1995.10.01"]

1. e4 e6 2. d4 d5 3. Nd2 c5 4. exd5 exd5 5. Ngf3 Nc6 6. Bb5 Bd6 7. O-O Nge7 8. dxc5 Bxc5 9. Nb3 Bd6 10. Re1 O-O 11. Bd3 h6 12. h3 Nf5 13. Bd2 Bc7 14. Bc3 Qd6 15. Bb5 Bb6 16. a4 d4 17. Bd2 Rd8 18. Nc1 Ne3 19. Qe2 Nxc2 20. Bf4 Qxf4 21. Qxc2 Bf5 22. Nd3 Qd6 23. Bxc6 bxc6 24. Nfe5 Re8 25. Qc4 Re6 26. f4 Rae8 27. a5 Bc7 28. Red1 Be4 29. Qc5 Rg6 30. Nxg6 Qxg6 31. Qc2 c5 32. b3 Bf5 33. Rd2 Bd6 34. Qc4 Qg3 35. Rf1 Re3 36. Ne5 Be6 37. Qb5 Bxe5 38. fxe5 Qxe5 39. b4 Rc3 40. Re2 Qd6 41. bxc5 Rxc5 42. Qb4 d3 43. Rd2 Rd5 44. Qxd6 Rxd6 45. Rc1 Rd5 46. Ra1 Bd7 47. Kf2 Bb5 48. Ke3 a6 49. Rc1 f5 50. Rc7 Kh7 51. Rf2 d2 52. Rxd2 f4+ 0-1

[Event "Yerevan"]
[Site "Yerevan"]
[Date "1989.??.??"]
[Round "?"]
[White "Ivanchuk, Vassily"]
[Black "Lputian, Smbat G"]
[Result "1/2-1/2"]
[WhiteElo "2635"]
[BlackElo "2610"]
[PlyCount "33"]
[EventDate "1989.05.??"]
[Source "ChessBase"]

1. e4 e6 2. d4 d5 3. Nd2 c5 4. exd5 exd5 5. Bb5+ Nc6 6. Ngf3 Bd6 7. dxc5 Bxc5 8. O-O Nge7 9. Nb3 Bd6 10. h3 O-O 11. c3 Bc7 12. Be3 Nf5 13. Bc5 Re8 14. Re1 Rxe1+ 15. Qxe1 a5 16. Bf1 b6 17. Bd4 1/2-1/2

[Event "Armenia (ch) 71/285"]
[Site "?"]
[Date "1997.??.??"]
[Round "?"]
[White "Akopian, Vladimir"]
[Black "Lputian, Smbat G"]
[Result "1-0"]
[WhiteElo "2660"]
[BlackElo "2585"]
[PlyCount "107"]
[EventDate "1997.??.??"]
[Source "ChessBase"]
[SourceDate "1997.10.01"]

1. e4 e6 2. d4 d5 3. Nd2 c5 4. exd5 exd5 5. Ngf3 Nc6 6. Bb5 cxd4 7. Qe2+ Qe7 8. Nxd4 Qxe2+ 9. Kxe2 Bd7 10. N2f3 Bd6 11. Re1 Nge7 12. Kf1 a6 13. Bd3 O-O 14. c3 Rfe8 15. h3 Nxd4 16. Nxd4 Nc6 17. Rxe8+ Rxe8 18. Nxc6 Bxc6 19. Be3 Be5 20. Rd1 g6 21. Be2 Kg7 22. Bf3 Rd8 23. h4 h5 24. g3 f6 25. Bg2 Bc7 26. Rd2 Kf7 27. f4 f5 28. Kf2 Ke6 29. Bc5 Bd6 30. Re2+ Kd7 31. Bxd6 Kxd6 32. Re5 d4 33. Bxc6 dxc3 34. Bf3 cxb2 35. Re1 Kc5 36. Rb1 Rd2+ 37. Ke3 Rc2 38. Kd3 Rf2 39. Ke3 Rc2 40. Kd3 Rf2 41. Be2 Rg2 42. Ke3 Rxg3+ 43. Bf3 Rh3 44. Rxb2 Rxh4 45. Rg2 a5 46. Rxg6 Rh2 47. Rg2 Rxg2 48. Bxg2 b5 49. Bh3 b4 50. Bxf5 a4 51. Bc2 b3 52. axb3 a3 53. Bb1 Kb4 54. Ba2 1-0

[Event "Queens-Kings"]
[Site "Jinan"]
[Date "2002.07.21"]
[Round "2"]
[White "Xie Jun"]
[Black "Short, Nigel D"]
[Result "1-0"]
[WhiteElo "2562"]
[BlackElo "2682"]
[PlyCount "105"]
[EventDate "2002.07.21"]
[Source "ChessBase"]
[SourceDate "2002.11.12"]

1. e4 e6 2. d4 d5 3. Nd2 c5 4. exd5 exd5 5. Ngf3 Nc6 6. Bb5 cxd4 7. O-O Bd6 8. Nb3 Nge7 9. Nbxd4 O-O 10. Bg5 Qb6 11. c3 a6 12. Bxc6 bxc6 13. Re1 Ng6 14. Qc2 Bd7 15. b3 Rfe8 16. Rxe8+ Rxe8 17. Re1 Rxe1+ 18. Nxe1 c5 19. Ndf3 h6 20. Be3 Qc7 21. Qd2 Ne7 22. h3 Bf5 23. Nd3 Be4 24. Nfe1 g5 25. b4 cxb4 26. cxb4 Qc4 27. Bc5 Bxc5 28. Nxc5 Nc6 29. Nxe4 dxe4 30. a3 Nd4 31. h4 f6 32. hxg5 hxg5 33. Qe3 Kf7 34. Kh2 Ne6 35. Qa7+ Kg6 36. Qe7 Ng7 37. f3 exf3 38. Nxf3 Qf4+ 39. Kg1 Qc1+ 40. Kh2 Qxa3 41. Qe4+ Kh6 42. Qd4 Nh5 43. Qd8 Qb3 44. Qh8+ Kg6 45. Qe8+ Qf7 46. Qc6 Qe7 47. Qxa6 Qxb4 48. Qd3+ Kh6 49. Qd8 Qf4+ 50. Kg1 Ng7 51. Nd4 g4 52. Qh8+ Kg6 53. Qxg7+ 1-0

[Event "Montreal"]
[Site "Montreal Montreal"]
[Date "1979.??.??"]
[Round "?"]
[White "Hort, Vlastimil"]
[Black "Portisch, Lajos"]
[Result "1/2-1/2"]
[WhiteElo "2600"]
[BlackElo "2640"]
[PlyCount "88"]
[EventDate "1979.??.??"]
[Source "www.chesslib.no"]
[SourceDate "2004.05.04"]

1. e4 e6 2. d4 d5 3. Nd2 c5 4. Ngf3 Nc6 5. exd5 exd5 6. Bb5 Bd6 7. dxc5 Bxc5 8. O-O Nge7 9. Nb3 Bd6 10. Bg5 O-O 11. Re1 Qc7 12. c3 a6 13. Bd3 Bg4 14. h3 Bh5 15. Be2 Rfe8 16. Bxe7 Nxe7 17. Nfd4 Bg6 18. Bd3 Nc6 19. Bxg6 Rxe1+ 20. Qxe1 hxg6 21. Nf3 Rd8 22. Rd1 Ne5 23. Nxe5 Bxe5 24. Rd3 Bf6 25. Qd1 Qc4 26. g3 g5 27. a3 Qb5 28. Rd2 g6 29. Nc1 Kg7 30. Ne2 Re8 31. Kg2 a5 32. Ng1 Rd8 33. Nf3 Rd6 34. Nh2 Qc6 35. Nf3 b5 36. Nd4 Qb7 37. b4 axb4 38. axb4 Rd8 39. Qe2 Rb8 40. Qd3 Qb6 41. Qf3 Rd8 42. Kg1 Qb7 43. Kg2 Qb6 44. Nc2 Qc7 1/2-1/2

[Event "Linares"]
[Site "Linares"]
[Date "1988.??.??"]
[Round "?"]
[White "Ljubojevic, Ljubomir"]
[Black "Nikolic, Predrag"]
[Result "1/2-1/2"]
[WhiteElo "2610"]
[BlackElo "2630"]
[PlyCount "65"]
[EventDate "1988.02.??"]
[Source "ChessBase"]

1. e4 e6 2. d4 d5 3. Nd2 c5 4. Ngf3 Nc6 5. exd5 exd5 6. Bb5 Bd6 7. dxc5 Bxc5 8. Nb3 Bd6 9. O-O Nge7 10. Bg5 O-O 11. Bh4 Bg4 12. Be2 Qb6 13. Bxe7 Nxe7 14. Qd4 Qxd4 15. Nfxd4 Bxe2 16. Nxe2 Be5 17. c3 Rfc8 18. Rfd1 Kf8 19. g3 h5 20. Kg2 g6 21. Ned4 a6 22. Rd2 Rc4 23. Rad1 a5 24. Na1 Bxd4 25. Rxd4 Rxd4 26. Rxd4 Rd8 27. Nc2 Nc6 28. Rd2 Ke7 29. Ne3 d4 30. cxd4 Rxd4 31. Rxd4 Nxd4 32. Nc4 Nc6 33. Kf3 1/2-1/2

[Event "Groningen PCA"]
[Site "Groningen"]
[Date "1993.??.??"]
[Round "1"]
[White "Tiviakov, Sergei"]
[Black "Rozentalis, Eduardas"]
[Result "1-0"]
[WhiteElo "2635"]
[BlackElo "2600"]
[PlyCount "97"]
[EventDate "1993.12.??"]
[Source "ChessBase"]

1. e4 e6 2. d4 d5 3. Nd2 c5 4. exd5 exd5 5. Ngf3 Nc6 6. Bb5 Bd6 7. dxc5 Bxc5 8. O-O Nge7 9. Nb3 Bd6 10. c3 O-O 11. Bd3 Qc7 12. h3 Rd8 13. Qc2 Ng6 14. Nbd4 a6 15. Be3 Bd7 16. Rad1 Na5 17. Nf5 Bf8 18. Bd4 Bxf5 19. Bxf5 b5 20. h4 Be7 21. h5 Nf8 22. Be5 Qb6 23. Rfe1 Bf6 24. Bf4 Nc4 25. b3 Na5 26. Ne5 g6 27. Bh3 Bg7 28. hxg6 hxg6 29. Ng4 Ra7 30. Be3 d4 31. cxd4 Bxd4 32. Qd2 Re7 33. Bxd4 Rxd4 34. Qg5 Qd6 35. Qxe7 Qxe7 36. Rxe7 Rxd1+ 37. Kh2 Rd2 38. Nh6+ Kg7 39. Nxf7 Rxa2 40. Nd6+ Kh8 41. f4 Nxb3 42. Nf7+ Kg7 43. Ne5+ Kh8 44. Kg3 Nd4 45. Kg4 Nf5 46. Ra7 Ne3+ 47. Kg5 Nxg2 48. Kh6 Ne3 49. Nxg6+ 1-0

[Event "Dortmund"]
[Site "?"]
[Date "1993.??.??"]
[Round "?"]
[White "Dolmatov, S."]
[Black "Lobron, E."]
[Result "1-0"]
[WhiteElo "2615"]
[BlackElo "2620"]
[PlyCount "127"]
[EventDate "1993.??.??"]
[Source "ChessBase"]
[SourceDate "1993.02.01"]

1. e4 c5 2. Nf3 e6 3. c3 d5 4. exd5 exd5 5. d4 Nc6 6. Bb5 Bd6 7. dxc5 Bxc5 8. O-O Nge7 9. Nbd2 O-O 10. Nb3 Bb6 11. Re1 Nf5 12. Bd3 h6 13. Bc2 a5 14. Qd3 a4 15. Nbd4 g6 16. Nxf5 Bxf5 17. Qd1 Bxc2 18. Qxc2 Kg7 19. Bf4 Qf6 20. Qd2 g5 21. Be3 d4 22. Bxd4 Nxd4 23. Nxd4 Rfd8 24. Rad1 Ra5 25. Re3 Rad5 26. Rd3 Bxd4 27. Rxd4 Rxd4 28. cxd4 Rd5 29. h3 b5 30. b3 axb3 31. axb3 h5 32. Qd3 h4 33. Qe4 Qd6 34. Rd3 b4 35. g3 hxg3 36. Rxg3 Kf8 37. Rd3 Qd8 38. Kg2 Kg7 39. Qg4 Kf8 40. Rg3 Qf6 41. h4 Rf5 42. Kh3 Qe6 43. hxg5 Rxf2 44. Qxe6 fxe6 45. Kg4 Rd2 46. Kf4 Rxd4+ 47. Ke5 Rh4 48. Kxe6 Kg7 49. Kf5 Rh8 50. Rg4 Rb8 51. g6 Rf8+ 52. Ke6 Rf3 53. Rxb4 Kxg6 54. Rb8 Re3+ 55. Kd6 Kf7 56. b4 Rd3+ 57. Kc6 Ke7 58. b5 Rd6+ 59. Kb7 Rd7+ 60. Ka6 Rd6+ 61. b6 Kd7 62. Kb7 Rh6 63. Ra8 Rh7 64. Rc8 1-0

[Event "Yerevan (ol)"]
[Site "?"]
[Date "1996.??.??"]
[Round "?"]
[White "Short, N."]
[Black "Ye, Jiangchuan"]
[Result "1/2-1/2"]
[WhiteElo "2695"]
[BlackElo "2540"]
[PlyCount "58"]
[EventDate "1996.??.??"]
[Source "ChessBase"]
[SourceDate "1996.06.01"]

1. e4 c5 2. Nf3 e6 3. c3 d5 4. exd5 exd5 5. d4 Nc6 6. Bb5 Bd6 7. dxc5 Bxc5 8. O-O Nge7 9. Nbd2 O-O 10. Nb3 Bd6 11. Bd3 h6 12. h3 Nf5 13. Re1 Qf6 14. Bc2 Rd8 15. Qd3 g6 16. Bd2 Nh4 17. Nbd4 Nf5 18. Bb3 Bc5 19. Be3 Nxe3 20. Qxe3 Kg7 21. Rad1 Bb6 22. Qd3 a6 23. Re2 Be6 24. Nxe6+ fxe6 25. Rde1 Rd6 26. Qd2 Rf8 27. Ba4 Nd8 28. Ne5 Nf7 29. Ng4 Qe7 1/2-1/2

[Event "Yerevan ol (Men)"]
[Site "Yerevan"]
[Date "1996.??.??"]
[Round "4"]
[White "Svidler, Peter"]
[Black "Lobron, Eric"]
[Result "1-0"]
[WhiteElo "2650"]
[BlackElo "2585"]
[PlyCount "121"]
[EventDate "1996.09.??"]
[Source "www.chesslib.no"]
[SourceDate "2004.05.04"]

1. e4 e6 2. d4 d5 3. Nd2 c5 4. exd5 exd5 5. Ngf3 Nc6 6. Bb5 Bd6 7. O-O Nge7 8. dxc5 Bxc5 9. Nb3 Bb6 10. Re1 O-O 11. Be3 Bg4 12. h3 Bxf3 13. Qxf3 Ne5 14. Qh5 N7g6 15. Rad1 Rc8 16. c3 a6 17. Bf1 Re8 18. g3 Qf6 19. Bg2 Bxe3 20. Rxe3 Nc4 21. Rxe8+ Rxe8 22. Bxd5 Nxb2 23. Rd4 b5 24. Nd2 Re5 25. Qg4 Qf5 26. Qxf5 Rxf5 27. f4 Nf8 28. g4 Rf6 29. f5 h6 30. Ne4 Rb6 31. Bb3 Nc4 32. Bxc4 bxc4 33. Rxc4 Nd7 34. Rc8+ Kh7 35. Rc7 Nf6 36. Nxf6+ Rxf6 37. Kf2 g6 38. Rc5 Rb6 39. Kf3 gxf5 40. gxf5 Rb2 41. a4 Kg7 42. a5 Kf6 43. Ke4 Re2+ 44. Kd4 h5 45. Rc6+ Kxf5 46. Rxa6 Re4+ 47. Kd5 Re3 48. Kc4 Rxh3 49. Rc6 Rh1 50. a6 Ra1 51. Kb4 Kg4 52. Rc4+ Kg3 53. Kb5 h4 54. Ra4 Rb1+ 55. Kc5 Rb8 56. a7 Ra8 57. Kb6 h3 58. Kb7 h2 59. Ra1 Rxa7+ 60. Kxa7 f5 61. Kb6 1-0

[Event "Leningrad"]
[Site "Leningrad"]
[Date "1987.??.??"]
[Round "?"]
[White "Sokolov, Andrei"]
[Black "Vaganian, Rafael A"]
[Result "1/2-1/2"]
[WhiteElo "2645"]
[BlackElo "2590"]
[PlyCount "33"]
[EventDate "1987.05.??"]
[Source "ChessBase"]

1. e4 e6 2. d4 d5 3. Nd2 c5 4. exd5 exd5 5. Ngf3 Nc6 6. Bb5 Bd6 7. dxc5 Bxc5 8. O-O Nge7 9. Nb3 Bd6 10. Re1 O-O 11. Bd3 h6 12. h3 Nf5 13. c3 Bc7 14. Bc2 Qd6 15. Qd3 g6 16. g4 Bb6 17. Kg2 1/2-1/2

[Event "Czech Extra League"]
[Site "?"]
[Date "2001.??.??"]
[Round "?"]
[White "Macieja, B."]
[Black "Movsesian, S."]
[Result "1/2-1/2"]
[WhiteElo "2575"]
[BlackElo "2660"]
[PlyCount "87"]
[EventDate "2001.??.??"]
[Source "www.chesslib.no"]
[SourceDate "2004.05.04"]

1. e4 c5 2. c3 e6 3. d4 d5 4. exd5 exd5 5. Nf3 Nc6 6. Bb5 Bd6 7. dxc5 Bxc5 8. O-O Nge7 9. Nbd2 O-O 10. Nb3 Bb6 11. Re1 Bg4 12. Be3 Bxe3 13. Rxe3 Qd6 14. h3 Bh5 15. Be2 Rad8 16. Nfd4 Bg6 17. Bf3 Ne5 18. Qe2 Nxf3+ 19. Qxf3 Nc8 20. Nf5 Bxf5 21. Qxf5 Rfe8 22. Rae1 Rxe3 23. Rxe3 Ne7 24. Qg4 Nc6 25. Nd4 g6 26. Qh4 a6 27. g3 Kg7 28. Nxc6 bxc6 29. Qd4+ Qf6 30. b4 Qxd4 31. cxd4 Rb8 32. Rb3 Rb5 33. a4 Rb8 34. a5 Kf8 35. Rc3 Rc8 36. Kf1 Ke7 37. Ke2 Kd6 38. Rf3 f5 39. Kd3 Rb8 40. Kc3 Re8 41. g4 fxg4 42. hxg4 h5 43. Kd3 hxg4 44. Rf6+ 1/2-1/2

[Event "Naestved"]
[Site "Naestved"]
[Date "1985.??.??"]
[Round "7"]
[White "Nunn, John DM"]
[Black "Vaganian, Rafael A"]
[Result "1/2-1/2"]
[WhiteElo "2600"]
[BlackElo "2625"]
[PlyCount "37"]
[EventDate "1985.09.??"]
[Source "ChessBase"]

1. e4 e6 2. d4 d5 3. Nd2 c5 4. Ngf3 Nc6 5. exd5 exd5 6. Bb5 Bd6 7. dxc5 Bxc5 8. O-O Nge7 9. Nb3 Bd6 10. Re1 O-O 11. Bg5 Bg4 12. Be2 Re8 13. Nfd4 Bxe2 14. Rxe2 Qd7 15. Bh4 Be5 16. Nxc6 Nxc6 17. c3 f6 18. Bg3 Rad8 19. Qc2 1/2-1/2

[Event "Keres mem"]
[Site "Tallinn"]
[Date "1983.??.??"]
[Round "3"]
[White "Tal, Mihail"]
[Black "Petrosian, Tigran V"]
[Result "1/2-1/2"]
[WhiteElo "2620"]
[BlackElo "2605"]
[PlyCount "28"]
[EventDate "1983.02.??"]
[Source "ChessBase"]

1. e4 e6 2. d4 d5 3. Nd2 c5 4. exd5 exd5 5. Ngf3 Nc6 6. Bb5 Bd6 7. dxc5 Bxc5 8. Nb3 Bd6 9. O-O Nge7 10. c4 dxc4 11. Bxc4 O-O 12. Be3 Bg4 13. h3 Bxf3 14. Qxf3 Ne5 1/2-1/2

[Event "Acropolis GM Open"]
[Site "?"]
[Date "2005.03.10"]
[Round "5"]
[White "Gashimov Vugar"]
[Black "Lputian Smbat G"]
[Result "1-0"]
[WhiteElo "2585"]
[BlackElo "2640"]
[PlyCount "61"]
[EventDate "2005.??.??"]
[Source "www.chesslib.no"]
[SourceDate "2004.05.04"]

1. e4 e6 2. d4 d5 3. Nd2 c5 4. exd5 exd5 5. Ngf3 Nc6 6. Bb5 Bd6 7. dxc5 Bxc5 8. Nb3 Bd6 9. O-O Nge7 10. Re1 O-O 11. Bd3 h6 12. h3 Nb4 13. Nbd4 Nxd3 14. Qxd3 Ng6 15. Nb5 Bf4 16. Qd4 Bb8 17. b3 Bf5 18. Ba3 Be4 19. Bxf8 Qxf8 20. Qd1 Qc5 21. c4 Ne5 22. Qd4 Qe7 23. Nd2 Nc6 24. Qe3 Qe5 25. f4 Qxf4 26. Qxf4 Bxf4 27. Nxe4 dxe4 28. Rxe4 g5 29. Rd1 Be5 30. Rd7 Rb8 31. Nxa7 1-0

[Event "ISR-ch"]
[Site "Ramat Aviv/Modiin"]
[Date "2000.12.19"]
[Round "3"]
[White "Sutovsky, Emil"]
[Black "Psakhis, Lev"]
[Result "1/2-1/2"]
[WhiteElo "2609"]
[BlackElo "2611"]
[PlyCount "88"]
[EventDate "2000.12.17"]
[Source "ChessBase"]
[SourceDate "2001.03.20"]

1. e4 e6 2. d4 d5 3. Nd2 c5 4. Ngf3 Nc6 5. exd5 exd5 6. Bb5 Bd6 7. O-O cxd4 8. Re1+ Nge7 9. Nxd4 O-O 10. N2b3 Qc7 11. h3 Ne5 12. Bd3 Bd7 13. Bf4 N7g6 14. Bxg6 hxg6 15. Bxe5 Bxe5 16. Qf3 Qd6 17. Rad1 Rfe8 18. c3 Bc6 19. Qd3 Bf6 20. Nb5 Rxe1+ 21. Rxe1 Qf4 22. N5d4 Re8 23. Rxe8+ Bxe8 24. Qe2 Kf8 25. g3 Qd6 26. h4 Bd8 27. Nf3 Bb6 28. Nbd4 Qe7 29. Qd3 f6 30. Kf1 Kf7 31. h5 gxh5 32. Qh7 Qe4 33. Qxh5+ Kg8 34. Qh3 Bb5+ 35. Nxb5 Qxf3 36. Nd4 Bxd4 37. Qc8+ Kh7 38. cxd4 Qh1+ 39. Ke2 Qe4+ 40. Kf1 b6 41. Qc3 Qb1+ 42. Kg2 Qxa2 43. Qc2+ Kg8 44. Qc8+ Kh7 1/2-1/2

[Event "Elista ol (Men)"]
[Site "Elista"]
[Date "1998.10.05"]
[Round "7"]
[White "Illescas Cordoba, Miguel"]
[Black "Smirin, Ilia"]
[Result "1/2-1/2"]
[WhiteElo "2605"]
[BlackElo "2615"]
[PlyCount "62"]
[EventDate "1998.09.29"]
[Source "ChessBase"]
[SourceDate "1998.11.06"]

1. e4 c5 2. Nf3 e6 3. c3 d5 4. exd5 exd5 5. d4 Nc6 6. Bb5 Bd6 7. dxc5 Bxc5 8. O-O Nge7 9. Nbd2 O-O 10. Nb3 Bd6 11. Bd3 h6 12. h3 Nf5 13. Bc2 Re8 14. Qd3 g6 15. Qd1 Kh7 16. Nbd4 Qf6 17. Nxf5 Bxf5 18. Bxf5 Qxf5 19. Be3 Rad8 20. Re1 Bf8 21. Qb3 Qd7 22. Rad1 Bg7 23. Qc2 b5 24. Bc5 Rxe1+ 25. Rxe1 a5 26. Qb3 b4 27. a4 bxc3 28. bxc3 Rb8 29. Qc2 Qb7 30. Nd4 Nxd4 31. cxd4 Qc6 1/2-1/2

[Event "Manila (izt)"]
[Site "?"]
[Date "1990.??.??"]
[Round "?"]
[White "Adams, M."]
[Black "Vaganian, R."]
[Result "1-0"]
[WhiteElo "2590"]
[BlackElo "2630"]
[PlyCount "115"]
[EventDate "1990.??.??"]
[Source "ChessBase"]
[SourceDate "1990.01.01"]

1. e4 e6 2. d4 d5 3. Nd2 c5 4. exd5 exd5 5. Ngf3 Nc6 6. Bb5 Bd6 7. dxc5 Bxc5 8. Nb3 Bd6 9. O-O Nge7 10. Re1 O-O 11. Bd3 h6 12. h3 Bf5 13. c3 Be4 14. Nbd4 Bxd3 15. Qxd3 Qd7 16. Be3 Rad8 17. Rad1 Rfe8 18. Nb3 b6 19. Nbd4 Bb8 20. Re2 Na5 21. Rde1 Ng6 22. Bc1 Rxe2 23. Qxe2 Nc4 24. Qc2 Nd6 25. Qd3 Ne4 26. Qb5 Qxb5 27. Nxb5 Rc8 28. Rd1 Ne7 29. Kf1 a6 30. Nbd4 b5 31. Be3 f6 32. g4 Kf7 33. Nf5 Rd8 34. Nxe7 Kxe7 35. Nd4 Rg8 36. Nc6+ Ke6 37. Nb4 Bd6 38. Nxd5 g5 39. f3 Ng3+ 40. Kf2 f5 41. Nb4 f4 42. Bd4 Bxb4 43. cxb4 Rd8 44. Re1+ Kf7 45. Bc3 Rd6 46. Kg2 Re6 47. Rxe6 Kxe6 48. Bg7 h5 49. Bh6 Kf6 50. h4 hxg4 51. fxg4 gxh4 52. Bxf4 Ne4 53. Be3 Nd6 54. Kh3 Nc4 55. Bd4+ Kg6 56. Kxh4 a5 57. b3 Nd2 58. Be3 1-0

[Event "Hoogovens"]
[Site "Wijk aan Zee"]
[Date "1988.??.??"]
[Round "?"]
[White "Ljubojevic, Ljubomir"]
[Black "Andersson, Ulf"]
[Result "1/2-1/2"]
[WhiteElo "2610"]
[BlackElo "2605"]
[PlyCount "59"]
[EventDate "1988.01.??"]
[Source "ChessBase"]

1. e4 e6 2. d4 d5 3. Nd2 c5 4. exd5 exd5 5. Ngf3 Nc6 6. Bb5 Bd6 7. dxc5 Bxc5 8. O-O Nge7 9. Nb3 Bd6 10. Bg5 O-O 11. Bh4 Bg4 12. Re1 Qc7 13. Bg3 Rfe8 14. c3 Rad8 15. Nbd4 a6 16. Nxc6 Nxc6 17. Rxe8+ Rxe8 18. Be2 Bxg3 19. hxg3 h6 20. Qd2 Qb6 21. Re1 a5 22. Nd4 Bxe2 23. Rxe2 Rxe2 24. Nxe2 Qc5 25. b3 b5 26. Nf4 d4 27. cxd4 Qxd4 28. Qxd4 Nxd4 29. Kf1 Kf8 30. Ne2 1/2-1/2

[Event "It (Open) INT"]
[Site "?"]
[Date "2006.05.06"]
[Round "?"]
[White "Rublevsky Sergei"]
[Black "Lysyj Igor"]
[Result "0-1"]
[WhiteElo "2687"]
[BlackElo "2527"]
[PlyCount "64"]
[EventDate "2006.??.??"]
[Source "www.chesslib.no"]
[SourceDate "2004.05.04"]

1. e4 e6 2. d4 d5 3. Nd2 c5 4. Ngf3 Nc6 5. exd5 exd5 6. Bb5 Bd6 7. dxc5 Bxc5 8. O-O Nge7 9. c3 O-O 10. Nb3 Bd6 11. Bd3 h6 12. h3 Nf5 13. Bc2 Bc7 14. Qd3 g6 15. Qd1 Kg7 16. Re1 Qd6 17. Bxf5 Bxf5 18. Be3 Rfe8 19. Nbd4 a6 20. Nxf5+ gxf5 21. Qd3 Re4 22. Rad1 Rd8 23. g3 Qe6 24. Nd4 Nxd4 25. Bxd4+ Kh7 26. Be3 Kg7 27. Bd2 f4 28. f3 Rxe1+ 29. Rxe1 Qxh3 30. Bxf4 Bb6+ 31. Be3 Qxg3+ 32. Kf1 Qxf3+ 0-1

[Event "Yerevan"]
[Site "Yerevan"]
[Date "1989.??.??"]
[Round "?"]
[White "Ivanchuk, Vassily"]
[Black "Dokhoian, Yury"]
[Result "1-0"]
[WhiteElo "2635"]
[BlackElo "2575"]
[PlyCount "61"]
[EventDate "1989.05.??"]
[Source "ChessBase"]

1. e4 e6 2. d4 d5 3. Nd2 c5 4. exd5 exd5 5. Bb5+ Nc6 6. Ngf3 Bd6 7. dxc5 Bxc5 8. O-O Nge7 9. Nb3 Bb6 10. Re1 O-O 11. Be3 Bg4 12. Bxb6 Qxb6 13. Bxc6 Nxc6 14. Qxd5 Nb4 15. Qe4 Bxf3 16. gxf3 Rad8 17. Re2 Rd6 18. c3 Re6 19. Qc4 Rg6+ 20. Kh1 Qf6 21. f4 Qh4 22. Nd2 Nc6 23. f5 Rg4 24. Qc5 Rd8 25. Rae1 g6 26. Nf3 Qh3 27. Re8+ Rxe8 28. Rxe8+ Kg7 29. Qf8+ Kf6 30. Qh8+ Kxf5 31. Re5+ 1-0

[Event "Horgen CS"]
[Site "Horgen"]
[Date "1994.??.??"]
[Round "10"]
[White "Nikolic, Predrag"]
[Black "Leko, Peter"]
[Result "1-0"]
[WhiteElo "2655"]
[BlackElo "2555"]
[PlyCount "109"]
[EventDate "1994.09.??"]
[Source "ChessBase"]

1. d4 d5 2. Nf3 c5 3. dxc5 e6 4. e4 Bxc5 5. exd5 exd5 6. Bb5+ Nc6 7. O-O Nge7 8. Nbd2 O-O 9. Nb3 Bd6 10. c3 Bg4 11. Be2 Re8 12. Nfd4 Bxe2 13. Nxe2 Qc7 14. Ng3 Rad8 15. Re1 Qd7 16. Be3 Bxg3 17. hxg3 Nf5 18. Bf4 d4 19. Rxe8+ Qxe8 20. Qd3 g6 21. c4 h5 22. Kf1 Qe6 23. Nc5 Qe7 24. Nb3 Re8 25. Rd1 Qf6 26. Re1 Rxe1+ 27. Kxe1 g5 28. Bd2 Ne5 29. Qe2 g4 30. Bf4 Ng6 31. Bb8 a6 32. Qe4 b6 33. Kd1 Nge7 34. Bc7 b5 35. cxb5 axb5 36. Bd8 Qc6 37. Qxc6 Nxc6 38. Bc7 Nb4 39. Kd2 Nxa2 40. Kd3 Nb4+ 41. Ke4 Ne7 42. Bd6 Nbd5 43. Bxe7 Nxe7 44. Nxd4 b4 45. Nc2 Nc6 46. Kd5 Ne7+ 47. Kc4 f5 48. Nxb4 Kf7 49. Nd3 Kf6 50. b4 Ng6 51. Kd5 f4 52. Nxf4 h4 53. Nxg6 h3 54. gxh3 gxh3 55. Ne5 1-0

[Event "4th IECC"]
[Site "Istanbul"]
[Date "2003.05.31"]
[Round "2"]
[White "Spasov, Vasil"]
[Black "Vaganian, Rafael"]
[Result "1/2-1/2"]
[WhiteElo "2555"]
[BlackElo "2653"]
[PlyCount "81"]
[EventDate "2003.05.30"]
[Source "Roberto Alvarez"]
[SourceDate "2003.06.23"]

1. e4 e6 2. d4 d5 3. Nd2 c5 4. Ngf3 Nc6 5. exd5 exd5 6. Bb5 Bd6 7. dxc5 Bxc5 8. O-O Nge7 9. Nb3 Bd6 10. Re1 O-O 11. Bg5 Bg4 12. Bh4 Qc7 13. Bg3 Rad8 14. Be2 Nf5 15. Bxd6 Qxd6 16. h3 Bxf3 17. Bxf3 Nh4 18. c3 Qf6 19. Bg4 d4 20. Nxd4 Nxd4 21. cxd4 Rxd4 22. Qe2 Qc6 23. Qf1 Rd2 24. Re2 Rd6 25. Rc1 Qd5 26. Re3 Qxa2 27. Qb5 Rb6 28. Qg5 Qxb2 29. Rc7 Ng6 30. Bf3 Qd2 31. Qg3 f5 32. Re2 Rb1+ 33. Kh2 Qd3 34. Bh5 Qxg3+ 35. fxg3 Rb6 36. Bf3 Rd8 37. Bxb7 Rf6 38. Ra2 Rf7 39. Rxf7 Kxf7 40. Rxa7 Ne7 41. Bf3 1/2-1/2